| 000 | 00630nam a2200205Ia 4500 | ||
|---|---|---|---|
| 001 | 2628 | ||
| 003 | GE_BSU | ||
| 008 | 181216s||||||||xx |||||||||||||| ||und|| | ||
| 040 | _cGE_BSU | ||
| 080 | _a811.111 | ||
| 100 | _aხომერიკი, მარინე. | ||
| 245 | _aროგორ ვასწავლოთ ინგლისური. | ||
| 260 | _aთბილისი | ||
| 260 | _bსაქართველოს მაცნე | ||
| 260 | _c1999 | ||
| 300 | _a175 გვ. | ||
| 541 | _h6 ლ. | ||
| 653 | _aროგორ ვასწავლოთ ინგლისური. | ||
| 942 | _cBK | ||
| 999 |
_c36699 _d36699 |
||